| 000 | 00515pab a2200181 454500 | ||
|---|---|---|---|
| 008 | 180718b2004 xxu||||| |||| 00| 0 eng d | ||
| 100 | _aReeves, Eoin | ||
| 245 | _aPrivatization policy and enterprise performance: the case of Ireland | ||
| 260 | _c2004 | ||
| 300 | _ap.p.525-48 | ||
| 362 | _aDec | ||
| 650 | _aPublic enterprises - Ireland | ||
| 650 | _aPrivatization - Ireland | ||
| 650 | _aPrivatization | ||
| 700 | _aPalcic, Donal | ||
| 773 | _aAnnals of Public and Cooperative Economics | ||
| 909 | _a63393 | ||
| 999 |
_c63393 _d63393 |
||